| 000 | 00000nam##2200000za#4500 |
| 001 | 9.639453 |
| 003 | CaOODSP |
| 005 | 20240209132626 |
| 007 | cr ||||||||||| |
| 008 | 150407|1998||||xxc|||||o f|0| 0 fre|d |
| 040 | |aCaOODSP|bfre |
| 043 | |an-cn--- |
| 086 | 1 |aC89-4/75-1998F-PDF |
| 110 | 2 |aAgence de promotion économique du Canada atlantique. |
| 245 | 10|aÉtude du marché des intermédiaires financiers au Canada atlantique : |h[ressource électronique]|brapport de projet / |cpar Eric Schibler et Robin McAdam. |
| 260 | |aHalifax - Nouvelle-Écosse : |bAgence de promotion économique du Canada atlantique |cLe 3 juin 1998. |
| 300 | |a75p.|bfigure, graphiques, tableaux |
| 590 | |a11-30-Supp|b2011-12-02 |
| 691 | 07|aPetite entreprise|2gcpds |
| 691 | 07|aEntrepreneuriat|2gcpds |
| 691 | 07|aInvestissement|2gcpds |
| 691 | 07|aFinancement|2gcpds |
| 720 | 1 |aSchibler, Eric |
| 720 | 1 |aMcAdam, Robin |
| 775 | 08|tStudy of the financial intermediary market in Atlantic Canada : |w(CaOODSP)9.695307 |
| 776 | 0#|tÉtude du marché des intermédiaires financiers au Canada atlantique : |w(CaOODSP)9.681235 |
| 856 | 40|ahttp://publications.gc.ca|qPDF|s223 Ko|uhttps://publications.gc.ca/collections/Collection/C89-4-75-1998F.pdf |